00881 2200289 4500001002100000005001500021035002000036007000300056008004100059020002200100082001500122084001700137100003000154245011500184250003500299300003000334650002100364264003200385336002100417337003000438338002300468040002200491090002200513850001200535999002200547990002200569INLIS00000000088306820231107111331 a0010-1123000147ta231107b2022 xx g ind d a978-623-02-4167-304223a808.84 a808.84 AND d0 aAndi KurniawanePengarang10aDari Soeharto hingga Raisa :bcatatan-catatan media, bahasa, hiburan, musik, catatan pribadi /cAndi Kurniawan aCetakan pertama, Februari 2023 axii, 233 halaman ;c20 cm04aEsai--xKumpulan31aSleman :bDeepublish,c2022 2rdacontentateks 2rdamediaatanpa perantara 2rdacarrieravolume aYOPDYOGbinderda aCB-D.11 2022-4431 aYOPDYOG aCB-D.11/2022-4431 aCB-D.11/2022-4431